000 00400nam a2200145Ia 4500
008 230411s9999 xx 000 0 und d
020 _a81-7381-280-2
041 _aeng
082 _aA/611/CHA/CHA/B02114
100 _aChakrabarty N & Chakrabarty D
_9177208
245 _aFundamentals Of Human Anatomy
260 _bNew Central Book Agency
_aKolkata
_c2004
300 _a762p
999 _c153342
_d153342